Writing business letters

में बचाया:
ग्रंथसूची विवरण
स्वरूप: पुस्तक
प्रकाशित: 1999
टैग : टैग जोड़ें
कोई टैग नहीं, इस रिकॉर्ड को टैग करने वाले पहले व्यक्ति बनें!
Thư viện lưu trữ: Mạng thư viện Đại học Đà Nẵng
LEADER 00451nam a22001811a 4500
001 000037675
003 13970
005 20160412020422.0
008 160412s1999 000
082 |a 4A(07)1030-32 
245 |a Writing business letters  |c Nguyễn Thành Yến Dịch 
260 |c 1999 
OWN |a LNN 
999 |a From the UDN01 
TYP |a Monograph 
980 |a Mạng thư viện Đại học Đà Nẵng